FilmCow Videos by Last Line Quiz Stats

 Plays Quiz not verified by Sporcle

Support Sporcle.
Go Orange.
Score 0/24 Timer 06:00
0 Plays Today
Last Line Video % Correct
'I kill people and I eat hands, that's, that's two things.'Llamas With Hats
100%
'Aww, they took my freakin' kidney.'Charlie the Unicorn
94.7%
'If you'll excuse me, I have some pictures to delete from my computer.'Llamas With Hats 3
92.1%
'That is what forgiveness sounds like. Screaming and then silence.'Llamas With Hats 2
89.5%
'Oh look, it's my kidney.'Charlie the Unicorn 3
84.2%
'It might be a meat organ.'The Interview
81.6%
'I don't understand how you keep forgetting that.'Llamas With Hats 4
81.6%
'Anddddd into the ravine.'Marshmallow People
78.9%
'It's okay, Bino. I have more.'Bino the Elephant
73.7%
'I'm hungry, let's find an IHOP.'Charlie teh Unicron Episode 1
73.7%
'What? What do you want?'-'Blblblbl!'Charlie the Unicorn 2
73.7%
'Man, that is from last episode, how is that still goin'?'Charlie teh Unicron Episode 2
71.1%
Last Line Video % Correct
'I'll be honest--I don't fully understand where that leaves us.'A Depressed Whale
68.4%
'Why do you even come here, papaya? Nobody likes you!'-'Aww...'Stanley and the Pineapple
65.8%
'And I would be the sexiest Chalupa of them all. Hey, Robert, can you get that?'The Cloak
63.2%
'Oh God, I hate you so much, Ponita!'President Taft's Secret Pony Brigade
44.7%
'My death bat daughter is a WH*RE!!'Death Bat 4
42.1%
'Johnson, you're fired.'-'TOTALLY...'A Serious Business Meeting
34.2%
'Saddam Hussein.'Dinosaur Telephone Call
31.6%
'REGULAR cheerios!'Treasure Chest
28.9%
'Thanks, Obama!'A Delightful Evening
23.7%
'We did it!'-'We kidnapped the sun!'-'No!!!'World of Dentists
18.4%
'For Money!'Socksual Innuendos
13.2%
'Police on their way over?'-'Probably.'-'Fantastic.'-'Yep.'Trapped in the Garage
13.2%

You're not logged in!

Compare scores with friends on all Sporcle quizzes.
OR
Log In

From the Vault

The Only One: US Presidents

by stepheash

Well it's not like any of us were on a first name basis with any presidents, though.
Remove Ads.
Support Sporcle.
Get the best of Sporcle when you Go Orange. This ad-free experience offers more features, more stats, and more fun while also helping to support Sporcle. Thank you for becoming a member.

Show Comments

Extras

Created Mar 11, 2011ReportNominate
Tags:Filmcow, last, Video

Top Quizzes Today


Score Distribution

Your Account Isn't Verified!

In order to create a playlist on Sporcle, you need to verify the email address you used during registration. Go to your Sporcle Settings to finish the process.

Report this User

Report this user for behavior that violates our Community Guidelines.

Details: